000 00641nam a2200229Ia 4500
003 OSt
005 20220918105518.0
006 a|||||r|||| 00| 0
007 ta
008 220915b |||||||| |||| 00| 0 hin d
024 _a214941
037 _cReference Collections
040 _aARTS
_cARTS
_bhin
041 _2hin
_ahin
082 _aO44,1x, 152K4(RR)
245 0 _aभारतीय कविता 1954-55
246 _aBhāratīya kavitā 1954-55
260 _c1964
650 _aहिन्दी साहित्य
942 _hO44,1x, 152K4(RR)
_cREF
999 _c107718
_d107718